| 000 | 00517cam a2200169 a 4500 | ||
|---|---|---|---|
| 999 |
_c556 _d556 |
||
| 020 | _a0697142752 | ||
| 050 | 0 | 0 |
_aQD415 _b.Z83 |
| 100 | 1 | _aZubay, Geoffrey L. | |
| 245 | 1 | 0 |
_aPrinciples of biochemistry / _cGeoffrey L. Zubay, William W. Parson, Dennis E. Vance. |
| 260 |
_aDubuque, Iowa : _bWm. C. Brown, _cc1995. |
||
| 300 |
_a1 v. (various pagings) : _bill. (mostly col.) ; _c29 cm. |
||
| 500 | _aincludes index | ||
| 650 | 0 | _aBiochemistry. | |
| 700 | 1 | _aParson, William W. | |
| 700 | 1 | _aVance, Dennis E. | |
| 942 | _cBK | ||